| 000 | 00577cam a2200193 a 4500 | ||
|---|---|---|---|
| 001 | 000001424 | ||
| 005 | 20200929145556.0 | ||
| 008 | 841031s1969 xxua rb 000 0beng | ||
| 040 |
_aDO-SdBNP _bspa _cBNPHU |
||
| 082 |
_axxxx _bB496f |
||
| 100 | 1 |
_aBerger, John _94737 |
|
| 245 | 1 | 0 |
_aA fortunate man : _bthe story of a country doctor / _cJohn Berger, Jean Mohr. |
| 260 |
_aNew York : _bPenguin Books, _c1969. |
||
| 300 |
_a157 p. : _bil. ; _c22 cm. |
||
| 490 | 1 |
_aPenguin _v2931 |
|
| 590 | _aInventariado, 2019/BT | ||
| 700 | 1 |
_aMohr, Jean. _94738 |
|
| 830 | 0 |
_aPenguin _n2931 _94739 |
|
| 999 |
_c1341 _d1341 |
||